Las aves del Jardín Botánico de Bogotá José Celestino Mutis y del Parque Distrital Simón Bolivar (Registro nro. 16308)
[ vista simple ]
| 000 -CABECERA | |
|---|---|
| Campo de control | 006970000a22001930004500 |
| 090 ## - CLASIFICACIÓN LOCAL | |
| Colección | Seriadas |
| 044 ## - PAÍS DE PUBLICACIÓN | |
| País de publicación | |
| 041 0# - IDIOMA | |
| Código de idioma para texto/pista de sonido o título separado | |
| 100 1# - ASIENTO PRINCIPAL--NOMBRE PERSONAL | |
| Nombre personal | Echeverry G., María Angela |
| 245 10 - MENCION DE TITULO | |
| Título | Las aves del Jardín Botánico de Bogotá José Celestino Mutis y del Parque Distrital Simón Bolivar |
| Version | recuento de los últimos ocho años |
| 260 ## - PUBLICACION, DISTRIBUCION, ETC. (PIE DE IMPRENTA) | |
| Fecha de publicación, distribución, etc. | 2005 |
| 610 14 - ASIENTO SECUNDARIO DE MATERIA - NOMBRE CORPORATIVO | |
| Nombre corporativo o nombre de la jurisdicción como elemento de entrad | Jardín Botánico de Bogotá José Celestino Mutis |
| 610 14 - ASIENTO SECUNDARIO DE MATERIA - NOMBRE CORPORATIVO | |
| Nombre corporativo o nombre de la jurisdicción como elemento de entrad | Asociación Bogotana de Ornitología |
| Version | ABO |
| 773 1# - Item fuente: | |
| Título | Pérez Arbelaezia |
| Descripción física | 16 |
| Paginas del Articulo | 115-133 |
| Lugar, editorial y fecha de publicación | 2005 |
| 942 ## - ELEMENTOS ADICIONALES (KOHA) | |
| Tipo de ítem | Artículo |
No hay ítems disponibles.